British Groups of Things - Television and Film - Statistics

General Stats
  • This quiz has been taken 1,909 times
    1,172 since last reset
  • The average score is 27 of 40
Answer Stats
Hint Answer % Correct
Daniel Craig
90%
Harry Potter Daniel Radcliffe
90%
Eastenders
90%
Coronation Street
89%
Hermione Granger Emma Watson
89%
1 BBC1
87%
2 BBC2
87%
3 ITV
87%
10th David Tennant
85%
4 Channel 4
84%
Sean Connery
84%
11th Matt Smith
82%
Emmerdale
80%
Pierce Brosnan
80%
Casualty
79%
5 Channel 5
78%
Minerva McGonagall Maggie Smith
77%
Roger Moore
74%
Severus Snape Alan Rickman
73%
Ron Weasley Rupert Grint
73%
Holby City
71%
Hollyoaks
70%
12th Peter Capaldi
66%
Timothy Dalton
65%
4th Tom Baker
63%
6 ITV2
60%
9th Christopher Eccleston
59%
George Lazenby
57%
6th Colin Baker
56%
13th Jodie Whittaker
56%
Albus Dumbledore Richard Harris/Michael Gambon
55%
3rd Jon Pertwee
51%
Doctors
50%
5th Peter Davison
50%
9 BBC4
49%
7th Sylvester McCoy
46%
1st William Hartnell
41%
2nd Patrick Troughton
36%
8th Paul McGann
34%
War Doctor John Hurt
30%
No matching quizzes found
Score Distribution
Percent of People with Each Score
Percentile by Number Answered
Your Score History
You have not taken this quiz since the last reset